000 00498nam a2200157Ia 4500
008 160316s1994 xxu||||| |||| 00| 0 eng d
082 _a340.100000
_bDOU
100 _aDouzinas Costas
245 _aPolitics, post modernity and critical legal studies : The legality of the contingent
250 _a
260 _aLondon
_bRoutledge
_c1994
300 _a223p
_b
_c
365 _b
650 _a1.Law - Philosophy 2.Jurisprudence - Critical Legal Studies
700 _aGodrich Peter
_aHachamovitch Yifat
999 _c10370
_d10370